000 00350pam a2200157a 44500
008 230515b2002 xxu||||| |||| 00| 0 eng d
020 _aNULL
041 _aENGLISH
082 _a630
100 _aKUMAR V P
245 _aBASIC ENG DRAWING PART-||
250 _a2
260 _aDELHI
_bKOTHARI BOOK DEPOT
_c2002
300 _a199
650 _aNULL
999 _c651165
_d651165